000 00380 a2200145 4500
001 152199
040 _cEscola São Tomás de Aquino
100 _aENDE, Michel
240 1 0 _aA história da sopeira e da concha
_lpor
245 1 0 _aA história da sopeira e da concha
362 0 _a2006
440 1 _aModerna
697 _aContos de Fadas e Clássicos da Literatura
942 _cBK
999 _c152199
_d152199